[Event "Pan American-ch U20"]
[Site "Asuncion"]
[Date "2025.06.19"]
[Round "9"]
[White "Gomez Tolentino, Iker"]
[Black "Gonzalez Mendez, Martin Ezequiel"]
[Result "0-1"]
[WhiteElo "1672"]
[BlackElo "1561"]
[PlyCount "86"]
[EventDate "2025.06.14"]
[EventType "swiss"]
[EventRounds "9"]
[EventCountry "PAR"]
[SourceTitle "CB26_2025"]
[SourceDate "2025.06.25"]
[SourceVersion "1"]
[SourceVersionDate "2025.06.25"]
[SourceQuality "1"]

1. e4 e5 2. Nf3 Nc6 3. Bc4 Bc5 4. c3 Nf6 5. d3 h6 6. Nbd2 d6 7. b4 Bb6 8. a4 a6 9. Nf1 Bg4 10. Ng3 0-0 11. 0-0 Be6 12. Ba2 Bxa2 13. Rxa2 Qd7 14. Be3 Qe6 15. Re2 d5 16. Bxb6 dxe4 17. Nxe4 cxb6 18. Nxf6+ Qxf6 19. Qb3 b5 20. axb5 axb5 21. Rfe1 Rfd8 22. Nxe5 Nxe5 23. Rxe5 Qxe5 24. Rd1 Rxd3 25. Rc1 Rxc3 26. Qb2 Rxc1+ 27. Qxc1 Ra1 28. Qf1 Rxf1+ 29. Kxf1 Qa1+ 30. Ke2 Qb2+ 31. Kf3 Qxb4 32. g4 Qc3+ 33. Kg2 b4 34. g5 b3 35. g6 b2 36. gxf7+ Kxf7 37. h4 b1Q 38. h5 Qc6+ 39. f3 Qbc2+ 40. Kg3 Qd6+ 41. f4 Qdd3+ 42. Kg4 Qg2+ 43. Kh4 Qgg3# 0-1

[Event "Pan American-ch U20"]
[Site "Asuncion"]
[Date "2025.06.16"]
[Round "4"]
[White "Vasquez Alva, Marco Joaquin"]
[Black "Gonzalez Mendez, Martin Ezequiel"]
[Result "1-0"]
[WhiteElo "1552"]
[BlackElo "1561"]
[PlyCount "53"]
[EventDate "2025.06.14"]
[EventType "swiss"]
[EventRounds "9"]
[EventCountry "PAR"]
[SourceTitle "CB26_2025"]
[SourceDate "2025.06.25"]
[SourceVersion "1"]
[SourceVersionDate "2025.06.25"]
[SourceQuality "1"]

1. d4 Nf6 2. Bf4 d6 3. Nf3 g6 4. h3 Bg7 5. e3 Nbd7 6. Nbd2 c5 7. c3 0-0 8. Bc4 Nh5 9. Bh2 a6 10. a4 Nb6 11. a5 Nxc4 12. Nxc4 Be6 13. Nb6 Rb8 14. dxc5 dxc5 15. Bxb8 Qxb8 16. 0-0 Rd8 17. Qc2 Nf6 18. Rad1 Bf5 19. Rxd8+ Qxd8 20. Qd2 Qc7 21. Rd1 Qc6 22. e4 Bxe4 23. Ne5 Qb5 24. Qd8+ Ne8 25. Nbd7 Bxe5 26. Qxe8+ Kg7 27. Qf8# 1-0